[Event "It (open)"]
[Site "masterchessopen.com Kassel (Germany)"]
[Round "3"]
[White "Pfaff Volker (GER)"]
[Black "Schenk Uwe Dr (GER)"]
[Result "0-1"]
[WhiteElo "1868"]
[BlackElo "2189"]

1.d4 Nf6 2.c4 g6 3.Nc3 Bg7 4.g3 O-O 5.Bg2 d6 6.Nf3 Nbd7 7.O-O e5 8.e4 c6 9.Re1
Qb6 10.Rb1 exd4 11.Nxd4 Ng4 12.Nce2 Nge5 13.b3 Nxc4 14.Bg5 Na3 15.Rc1 Re8
16.Be3 c5 17.Nc2 Nb5 18.b4 Qa6 19.bxc5 dxc5 20.Qd3 Ne5 21.Qd5 Be6 22.Qxc5 Rac8
23.Nb4 Qa4 {#R} 0-1

[Event "It (open)"]
[Site "masterchessopen.com Kassel (Germany)"]
[Round "2"]
[White "Reinert Jens (GER)"]
[Black "Schultz Andreas (GER)"]
[Result "0-1"]
[WhiteElo "2022"]
[BlackElo "2275"]

1.d4 Nf6 2.c4 g6 3.Nc3 Bg7 4.Nf3 O-O 5.g3 d6 6.Bg2 Nbd7 7.O-O e5 8.e4 c6 9.b3
exd4 10.Nxd4 Nc5 11.Bb2 Ng4 12.h3 Ne5 13.Nce2 a5 14.Bc3 Re8 15.a3 a4 16.Qc2
axb3 17.Nxb3 Na4 18.Nd2 Nxc3 19.Nxc3 Be6 20.c5 dxc5 21.Rab1 Qd3 22.Rfc1 Red8
23.Nf1 Nf3+ 24.Kh1 Ne1 25.Qxd3 Nxd3 26.Rc2 Rxa3 27.Nd1 b5 28.Nde3 Ba2 {#R} 0-1

[Event "Ch Peru (1/2 final)"]
[Site "masterchessopen.com Lima (Peru)"]
[Round "5"]
[White "Ramos Ernesto (PER)"]
[Black "Ascoy Adolfo (PER)"]
[Result "1-0"]
[WhiteElo "2280"]
[BlackElo "2178"]

1.d4 Nf6 2.c4 g6 3.g3 Bg7 4.Bg2 O-O 5.Nc3 d6 6.Nf3 Nbd7 7.O-O e5 8.e4 c6 9.b3
Re8 10.Qd2 Nf8 11.d5 c5 12.a3 a5 13.Rb1 Nh5 14.Qe2 f5 15.exf5 gxf5 16.Nh4 Nf4
17.Bxf4 exf4 18.Qc2 Bf6 19.Nf3 Bd7 20.Nb5 Bxb5 21.cxb5 Qd7 22.Bh3 fxg3 23.hxg3
Bg7 24.Bxf5 Qd8 25.Kg2 b6 26.Rh1 h6 27.Rh4 Ra7 28.Bg6 Ree7 29.Rbh1 Nd7 30.Bf5
Nf8 31.Rg4 Kh8 32.Nh4 Rf7 33.Be6 Rf6 34.Ng6+ Nxg6 35.Rxg6 Rxg6 36.Qxg6 Qf8
37.Bf5 Kg8 38.Rxh6 {#r} 1-0

[Event "Zt"]
[Site "masterchessopen.com Panormo (Greece)"]
[Round "5"]
[White "Drasko Milan (MNE)"]
[Black "Karapanos Nikolaos (GRE)"]
[Result "1-0"]
[WhiteElo "2515"]
[BlackElo "2245"]

1.d4 Nf6 2.c4 g6 3.g3 Bg7 4.Bg2 O-O 5.Nf3 d6 6.O-O Nbd7 7.Nc3 e5 8.e4 c6 9.b3
exd4 10.Nxd4 Re8 11.h3 Nc5 12.Re1 Qe7 13.Bf4 Nfd7 14.Re2 a5 15.Rb1 h5 16.Rd2
h4 17.gxh4 Qxh4 18.Bxd6 Qh8 19.f4 Bf8 20.Bxf8 Nxf8 21.Qf3 Nfe6 22.Nxe6 Nxe6
23.e5 Qh6 24.Rf1 Kg7 25.Ne4 Rf8 26.Qf2 a4 27.b4 a3 28.Qg3 Kh8 29.Rdf2 Ng7
30.Qe3 Be6 31.Nd6 Ra7 32.Qd4 Ra4 33.Nxb7 Nf5 34.Qc3 Kh7 35.Nc5 Ra7 36.Bxc6 Rg8
37.Ne4 Kg7 38.Ng5 Rd8 39.Be4 Nd4 40.Bd5 Bxd5 41.Qxd4 {#r} 1-0

[Event "It (open)"]
[Site "masterchessopen.com Patras (Greece)"]
[Round "0"]
[White "Bagaturov Giorgi (GEO)"]
[Black "Kotronias Vasilios (GRE)"]
[Result "1-0"]
[WhiteElo "2540"]
[BlackElo "2555"]

1.d4 Nf6 2.Nf3 g6 3.g3 Bg7 4.Bg2 O-O 5.c4 d6 6.O-O Nbd7 7.Nc3 e5 8.e4 c6 9.b3
Qb6 10.Rb1 exd4 11.Nxd4 Re8 12.h3 Nc5 13.Be3 Qc7 14.Qc2 Qe7 15.Rfe1 Nfxe4
16.Nxe4 Nxe4 17.Rbd1 Nf6 18.Qd2 Qf8 19.Bf4 Rxe1+ 20.Qxe1 Bd7 21.Qb4 Qc8
22.Bxd6 Ne8 23.Be7 a5 24.Qb6 Ra6 25.Qc5 h6 26.Nf3 Qc7 27.Qe3 a4 28.Kh2 axb3
29.axb3 Ra8 30.Bc5 Nf6 31.Bb6 Qc8 32.Ne5 Bf8 33.Qf4 Be7 34.Rxd7 {#r} 1-0

[Event "Cup Russia"]
[Site "masterchessopen.com Perm (Russia)"]
[Round "7"]
[White "Lopushnoy Denis (RUS)"]
[Black "Ershova Svetlana (RUS)"]
[Result "1-0"]
[WhiteElo "2415"]
[BlackElo "2205"]

1.Nf3 Nf6 2.g3 g6 3.Bg2 Bg7 4.O-O O-O 5.c4 d6 6.d4 Nbd7 7.Nc3 e5 8.e4 c6 9.Be3
exd4 10.Nxd4 Re8 11.h3 Nc5 12.Qc2 Qe7 13.Rfe1 Bd7 14.Nb3 Be6 15.Nxc5 dxc5
16.b3 Nd7 17.f4 f6 18.Rad1 Rad8 19.Bf2 Nb8 20.Qc1 b6 21.g4 Rxd1 22.Rxd1 Rd8
23.Bg3 Na6 24.f5 Bc8 25.Rd2 Rxd2 26.Qxd2 Qd7 27.Qxd7 Bxd7 28.Kf2 Kf7 29.Bf4
Bf8 30.Bf1 Be7 31.Bd3 Bd8 32.h4 Bc7 33.Kf3 Be8 34.Bxc7 Nxc7 35.Kf4 Ke7 36.e5
fxe5+ 37.Kxe5 Bf7 38.Ne4 gxf5 39.gxf5 Ne8 40.f6+ {#r} 1-0

[Event "Cup Russia"]
[Site "masterchessopen.com Perm (Russia)"]
[Round "1"]
[White "Lopushnoy Denis (RUS)"]
[Black "Hasanova Elmira (RUS)"]
[Result "1-0"]
[WhiteElo "2415"]
[BlackElo "2328"]

1.Nf3 Nf6 2.g3 g6 3.Bg2 Bg7 4.O-O O-O 5.c4 d6 6.Nc3 Nbd7 7.d4 e5 8.e4 c6 9.Be3
exd4 10.Nxd4 Ne5 11.b3 Nfg4 12.Bc1 Qa5 13.Bb2 f5 14.h3 Nh6 15.f4 Nef7 16.Rf2
Qc7 17.Qd2 Bd7 18.Re1 Rae8 19.Rfe2 Nd8 20.Kh2 Ne6 21.Nf3 Nc5 22.e5 dxe5
23.Nxe5 Rxe5 24.Rxe5 Bxe5 25.Rxe5 Ne6 26.Ne2 Bc8 27.Qe3 Qd7 28.Nd4 Re8 29.Nxe6
Rxe6 30.Rxe6 Qxe6 31.Qd4 {#r} 1-0

[Event "Cup Croatia"]
[Site "masterchessopen.com Pula (Croatia)"]
[Round "1"]
[White "Kurajica Bojan (CRO)"]
[Black "Jurkovic Hrvoje (CRO)"]
[Result "1-0"]
[WhiteElo "2570"]
[BlackElo "2380"]

1.d4 Nf6 2.Nf3 d6 3.g3 g6 4.Bg2 Bg7 5.O-O O-O 6.c4 Nbd7 7.Nc3 e5 8.e4 c6 9.b3
Re8 10.h3 exd4 11.Nxd4 Nc5 12.Re1 a5 13.Bf4 a4 14.b4 Ne6 15.Be3 a3 16.Nde2 h6
17.f4 Nc7 18.Nd4 Ne6 19.Nde2 Nc7 20.Qd3 Na6 21.Rab1 Be6 22.Nd4 Bd7 23.Bf2 c5
24.bxc5 Nxc5 25.Qc2 Ra6 26.Ndb5 Bxb5 27.cxb5 Ra8 28.e5 Nfd7 29.Rbd1 Bf8 30.Ne4
Nxe4 31.Bxe4 dxe5 32.Bxb7 Rb8 33.Bc6 Re7 34.Bc5 {#r} 1-0

[Event "Ch Russia (juniors) (under 20) (g)"]
[Site "masterchessopen.com Sochi (Russia)"]
[Round "1"]
[White "Andreeva Nataliya (RUS)"]
[Black "Trofimova Antonina (RUS)"]
[Result "1-0"]
[WhiteElo "2280"]
[BlackElo "2205"]

1.Nf3 Nf6 2.g3 g6 3.Bg2 Bg7 4.O-O d6 5.d4 O-O 6.c4 Nbd7 7.Nc3 e5 8.e4 c6 9.b3
Qb6 10.dxe5 dxe5 11.Qc2 Re8 12.Rd1 Nc5 13.h3 Nfd7 14.Be3 Qc7 15.Rd2 Rf8
16.Rad1 Ne6 17.b4 f5 18.exf5 gxf5 19.Ng5 Nxg5 20.Bxg5 Nf6 21.Rd6 Qf7 22.Qe2
Re8 23.b5 Be6 24.bxc6 Bxc4 25.Qf3 Be6 26.cxb7 Rab8 27.Qc6 Kh8 28.Bxf6 Bxf6
29.Nd5 Bd8 30.Nb4 Be7 31.Rxe6 Bxb4 32.Rf6 Qh5 33.Bf3 Qg5 34.h4 Qg7 35.Rd7 Be7
36.Re6 e4 37.Bh5 {#r} 1-0

[Event "Memorial M.Chigorin (open)"]
[Site "masterchessopen.com St. Petersburg (Russia)"]
[Round "2"]
[White "Kharitonov Andrei V (RUS)"]
[Black "Klimov Sergey (RUS)"]
[Result "1-0"]
[WhiteElo "2570"]
[BlackElo "2370"]

1.d4 Nf6 2.Nf3 g6 3.c4 Bg7 4.g3 O-O 5.Bg2 d6 6.O-O Nbd7 7.Nc3 e5 8.e4 exd4
9.Nxd4 Nc5 10.h3 Re8 11.Re1 a5 12.Ndb5 Bd7 13.Bf4 h6 14.Qc2 Ne6 15.Be3 Ng5
16.g4 Bc6 17.f3 Nd7 18.f4 Ne6 19.Rad1 g5 20.f5 Nf4 21.Bf1 Qe7 22.Nxc7 Ne5
23.Nxa8 Nf3+ 24.Kf2 Rxa8 25.Kxf3 Bxc3 26.bxc3 {#r} 1-0

[Event "Cup Russia (open)"]
[Site "masterchessopen.com Tomsk (Russia)"]
[Round "4"]
[White "Lopushnoy Denis (RUS)"]
[Black "Smirnov Pavel (RUS)"]
[Result "1-0"]
[WhiteElo "2415"]
[BlackElo "2365"]

1.Nf3 Nf6 2.g3 g6 3.Bg2 Bg7 4.O-O O-O 5.c4 d6 6.d4 Nbd7 7.Nc3 e5 8.e4 c6 9.Be3
Ng4 10.Bg5 Qb6 11.h3 exd4 12.Na4 Qa6 13.hxg4 b5 14.c5 bxa4 15.cxd6 f6 16.Bf4
c5 17.g5 Bb7 18.gxf6 Nxf6 19.e5 Ng4 20.Re1 Rae8 21.e6 Rxf4 22.d7 Rff8 23.e7
Rxe7 24.Rxe7 Bf6 25.Re8 Qb5 26.Nxd4 Qxb2 27.Ne2 Bxg2 28.Rxf8+ Kxf8 29.d8=Q+
Bxd8 30.Qxd8+ {#r} 1-0

[Event "Ch British Columbia"]
[Site "masterchessopen.com Vancouver (Canada)"]
[Round "1"]
[White "Milicevic Dragoljub (CAN)"]
[Black "Ferguson Jim (CAN)"]
[Result "1-0"]
[WhiteElo "2225"]
[BlackElo "2152"]

1.Nf3 d6 2.d4 Nf6 3.g3 g6 4.Bg2 Bg7 5.O-O O-O 6.c4 Nbd7 7.Nc3 e5 8.e4 exd4
9.Nxd4 Re8 10.h3 Nc5 11.Re1 a5 12.Ndb5 Nfd7 13.Be3 Ne5 14.Bf1 Be6 15.b3 h5
16.Rc1 Qc8 17.f4 Nc6 18.Kh2 Nd7 19.Nd5 Nf6 20.Bg2 h4 21.Ndxc7 hxg3+ 22.Kxg3 g5
23.Nxa8 Bxh3 24.Nb6 Qd8 25.Kxh3 Qxb6 26.Nxd6 Re6 27.c5 Qb4 28.Rc4 Qa3 29.Nb5
Qxa2 30.Re2 {#r} 1-0

[Event "It (open)"]
[Site "masterchessopen.com Recklinghausen (Germany)"]
[Date "1998.08.02"]
[Round "9"]
[White "Hoffmann Michael (GER)"]
[Black "Opalka Guido (GER)"]
[Result "1-0"]
[WhiteElo "2440"]
[BlackElo "2199"]

1.Nf3 d6 2.d4 Nf6 3.c4 g6 4.g3 Bg7 5.Bg2 O-O 6.O-O Nbd7 7.Nc3 e5 8.e4 c6 9.b3
Re8 10.h3 Qc7 11.Be3 b6 12.Qd2 Ba6 13.Rfd1 Rad8 14.a4 Qb8 15.a5 b5 16.cxb5
Bxb5 17.a6 Nh5 18.Ra5 f5 19.exf5 gxf5 20.dxe5 dxe5 21.Nxb5 Ndf6 22.Nd6 Ne4
23.Nxe4 Rxd2 24.Nexd2 Rd8 25.Rc1 e4 26.Rxf5 exf3 27.Nxf3 Rd5 28.Rxd5 cxd5
29.Nd4 Nf6 30.Bf1 Ne8 31.Nb5 d4 32.Nxd4 Nc7 33.Nc6 Qe8 34.Nxa7 Qd7 35.Rxc7
Qxc7 36.Nb5 Qc6 37.a7 {#r} 1-0

[Event "It (open)"]
[Site "masterchessopen.com Brno (Czech Republic)"]
[Round "0"]
[White "Podbrdsky Pavel (CZE)"]
[Black "Malis Jiri (CZE)"]
[Result "0-1"]
[WhiteElo "2147"]
[BlackElo "2177"]

1.d4 g6 2.Nf3 Bg7 3.g3 d6 4.Bg2 Nd7 5.c4 e5 6.e4 Ngf6 7.Nc3 O-O 8.O-O c6
9.dxe5 dxe5 10.Qe2 Qe7 11.Rd1 Ne8 12.Bg5 f6 13.Be3 Nc7 14.Qd2 Re8 15.Rac1 Ne6
16.Bh3 Bf8 17.Nh4 Qf7 18.f4 b6 19.Bxe6 Rxe6 20.f5 Rd6 21.Qe2 Rd4 22.Rxd4 exd4
23.Bxd4 g5 24.Ng2 Ba6 25.b3 Re8 26.Ne1 Nc5 27.Nd3 Nxd3 28.Qxd3 Rd8 29.Qe3 Rxd4
30.Qxd4 Bc5 31.Qxc5 bxc5 32.Rd1 Qe7 33.Kg2 h5 34.h3 Bc8 35.Rd3 Bd7 36.Kf2 Be8
37.Kg2 Kf8 38.Kf2 Qe5 39.Kg2 Ke7 {#R} 0-1

[Event "It (open)"]
[Site "masterchessopen.com Burgos (Spain)"]
[Round "8"]
[White "Gomez Esteban Juan Mario (ESP)"]
[Black "Feijoo Novoa Carlos (ESP)"]
[Result "1-0"]
[WhiteElo "2476"]
[BlackElo "2099"]

1.d4 Nf6 2.Nf3 g6 3.c4 Bg7 4.g3 O-O 5.Bg2 d6 6.O-O Nbd7 7.Nc3 e5 8.e4 c6 9.Rb1
Qb6 10.b3 exd4 11.Na4 Qa6 12.Nxd4 b5 13.e5 Nxe5 14.cxb5 cxb5 15.Bxa8 Bg4 16.f3
Rxa8 17.fxg4 bxa4 18.g5 Nd5 19.Qe2 Qa5 20.b4 Nxb4 21.Bd2 Ned3 22.Nf3 Qc5+
23.Kh1 a3 24.Rb3 Qc2 25.Rxa3 a5 26.Qe7 Qb2 27.Rxd3 Nxd3 28.Qe4 Rb8 29.Qxd3
Qxa2 30.Qxd6 Rf8 31.Rf2 Qa1+ 32.Kg2 a4 33.Bb4 Rc8 34.Qd7 Rb8 35.Bd6 Ra8 36.Nh4
a3 37.Qxf7+ Kh8 38.Re2 Rg8 39.Re8 Qb2+ 40.Kh3 {#r} 1-0

[Event "It (open)"]
[Site "masterchessopen.com Bydgoszcz (Poland)"]
[Round "7"]
[White "Vaulin Alexander (RUS)"]
[Black "Kozakov Mikhail (UKR)"]
[Result "1-0"]
[WhiteElo "2492"]
[BlackElo "2450"]

1.c4 Nf6 2.Nf3 g6 3.g3 Bg7 4.Bg2 d6 5.d4 O-O 6.O-O Nbd7 7.Nc3 e5 8.e4 c6 9.Be3
exd4 10.Nxd4 Re8 11.h3 Nc5 12.Qc2 Qe7 13.Rfe1 a5 14.Rad1 Bd7 15.Bf4 Nh5
16.Nxc6 Bxc6 17.Bxd6 Qe6 18.Bxc5 Qxc4 19.Ba3 Rac8 20.Bf1 Qe6 21.Rd6 Qe5 22.f4
Nxf4 23.gxf4 Qxf4 24.Qf2 Qg5+ 25.Qg2 Qh4 26.Rdd1 Re5 27.Kh1 Rce8 28.Qg4 Qh6
29.Bd6 Rf5 30.Nd5 Rg5 31.Qf3 Be5 32.Bxe5 Rexe5 33.Nf6+ Kg7 34.Ng4 Rgf5 35.Qxf5
{#r} 1-0

[Event "Ch Spain (team) (1 Div)"]
[Site "masterchessopen.com Cala Galdana (Spain)"]
[Round "1"]
[White "Joanpera Morales Antonio (ESP)"]
[Black "Paramos Dominguez Roberto (ESP)"]
[Result "0-1"]
[WhiteElo "2370"]
[BlackElo "2425"]

1.Nf3 Nf6 2.c4 g6 3.g3 Bg7 4.Bg2 d6 5.d4 O-O 6.O-O Nbd7 7.Nc3 e5 8.e4 c6 9.Rb1
a5 10.h3 Re8 11.Re1 exd4 12.Nxd4 Nc5 13.Qc2 Nfd7 14.Be3 a4 15.b3 axb3 16.axb3
Ra3 17.Red1 Qe7 18.Bc1 Ra8 19.Nde2 Nf6 20.f3 Ne6 21.Be3 h5 22.Rd2 Bf8 23.g4
hxg4 24.fxg4 Nd7 25.Ng3 Ne5 26.Nce2 Qf6 27.Rf1 {#R} 0-1

[Event "It (open)"]
[Site "masterchessopen.com Calcutta (India)"]
[Round "1"]
[White "Marin Mihail (ROM)"]
[Black "Sundararajan Kidambi (IND)"]
[Result "1-0"]
[WhiteElo "2548"]
[BlackElo "2334"]

1.c4 g6 2.Nf3 Bg7 3.d4 Nf6 4.g3 O-O 5.Bg2 d6 6.O-O Nbd7 7.Nc3 e5 8.e4 c6 9.b3
Qb6 10.d5 cxd5 11.Nxd5 Nxd5 12.cxd5 Nc5 13.Be3 Bd7 14.Nd2 a5 15.Qb1 f5 16.exf5
gxf5 17.a3 f4 18.Bxc5 dxc5 19.Ra2 Qh6 20.a4 Bf5 21.Be4 Bh3 22.Re1 Ra6 23.Qd3
Raf6 24.Nf3 Qh5 25.Nh4 Rh6 26.d6 Bf6 27.Bf3 Qg5 28.Kh1 Kh8 29.d7 Rd8 30.Rd2
fxg3 31.fxg3 Rxd7 32.Qxd7 Bxd7 33.Rxd7 Be7 34.Be4 Rd6 35.Rxb7 Bf8 36.Rxh7+ Kg8
37.Ra7 Qd2 38.Rf1 Rh6 39.Bg2 Rh8 {#r} 1-0

[Event "It (open)"]
[Site "masterchessopen.com Exeter (England)"]
[Round "5"]
[White "Pinkerton Arthur (IRL)"]
[Black "Homer Stephen (ENG)"]
[Result "0-1"]
[WhiteElo "2105"]
[BlackElo "2172"]

1.d4 Nf6 2.Nf3 g6 3.g3 Bg7 4.Bg2 d6 5.O-O O-O 6.c4 Nbd7 7.Nc3 e5 8.e4 c6 9.d5
c5 10.Be3 a6 11.Ne1 Ne8 12.Nd3 b5 13.cxb5 axb5 14.a3 Ba6 15.b4 c4 16.Nc1 Nb6
17.N1e2 f5 18.f3 Nf6 19.Qd2 Rf7 20.Bg5 Qe8 21.Bh3 Bc8 22.Qc2 Rfa7 23.exf5
Nbxd5 24.Nxd5 Nxd5 25.Rad1 Qc6 26.Bc1 Qb6+ 27.Kh1 Ne3 28.Bxe3 Qxe3 29.Nc3 Bb7
30.Bg2 Rxa3 31.Nxb5 Ra2 32.Qxc4+ d5 33.Qc7 Qe2 34.Rg1 Qxb5 35.fxg6 hxg6 36.Qe7
Rc8 37.Qe6+ Kh7 38.f4 Rxg2 {#R} 0-1

[Event "Bundesliga (2nd) West 1999/00"]
[Site "masterchessopen.com Germany"]
[Round "3"]
[White "Lingnau Carsten (GER)"]
[Black "Lehmann Carsten (GER)"]
[Result "1-0"]
[WhiteElo "2366"]
[BlackElo "2216"]

1.Nf3 Nf6 2.c4 g6 3.g3 Bg7 4.Bg2 O-O 5.d4 d6 6.O-O Nbd7 7.Nc3 e5 8.e4 c6 9.b3
exd4 10.Nxd4 Nc5 11.h3 Re8 12.Re1 Nfd7 13.Be3 a5 14.Qc2 Qe7 15.Rad1 h5 16.Re2
h4 17.g4 Ne5 18.f3 g5 19.Kh1 Bf6 20.Nf5 Bxf5 21.exf5 Rad8 22.Qd2 Kg7 23.f4
gxf4 24.Bxf4 Ncd3 25.g5 Nxf4 26.gxf6+ Qxf6 27.Qxf4 Ng6 28.Qf3 {#r} 1-0

[Event "Bundesliga 1998/99 (w)"]
[Site "masterchessopen.com Germany"]
[Round "7"]
[White "Kiseleva Natalia (UKR)"]
[Black "Mueller Andrea (GER)"]
[Result "1-0"]
[WhiteElo "2343"]
[BlackElo "2131"]

1.d4 Nf6 2.c4 g6 3.g3 Bg7 4.Bg2 d6 5.Nf3 O-O 6.O-O Nbd7 7.Nc3 e5 8.e4 c6 9.Re1
Re8 10.h3 exd4 11.Nxd4 Nc5 12.Rb1 a5 13.b3 Bd7 14.Bf4 Ne6 15.Nxe6 Rxe6 16.Qd2
Nh5 17.Be3 Qf8 18.g4 Nf6 19.Rbd1 Ne8 20.Na4 Nc7 21.Nb6 Rd8 22.Qxa5 Na6 23.c5
Be8 24.Nc4 Bf6 25.Nxd6 Be5 26.Bh6 Qe7 27.Nf5 {#r} 1-0

[Event "Bundesliga 1998/99 (w)"]
[Site "masterchessopen.com Germany"]
[Round "8"]
[White "Litynska Marta (UKR)"]
[Black "Schulz Petra (GER)"]
[Result "1-0"]
[WhiteElo "2369"]
[BlackElo "2129"]

1.c4 Nf6 2.Nf3 g6 3.d4 Bg7 4.g3 d6 5.Nc3 Nbd7 6.Bg2 O-O 7.O-O e5 8.e4 c6 9.b3
Qe7 10.h3 exd4 11.Nxd4 Nc5 12.Re1 Ne6 13.Be3 Bd7 14.Rc1 a6 15.Qd2 Rfd8 16.Nf5
gxf5 17.exf5 Qf8 18.fxe6 fxe6 19.Rcd1 d5 20.Bb6 Re8 21.Na4 Qf7 22.Nc5 Bc8
23.Qf4 Bf8 24.Nd3 Nd7 25.Bc7 dxc4 26.bxc4 Qxf4 27.Nxf4 Nf6 28.Re2 Kf7 29.Nd3
Nd7 30.Bf3 Kf6 31.Bh5 Re7 32.Bd8 b5 33.Rde1 Nb8 34.Nf4 {#r} 1-0

[Event "It (open)"]
[Site "masterchessopen.com Haarlem (Netherlands)"]
[Round "6"]
[White "Szekely Peter (HUN)"]
[Black "De Saegher Chris (NED)"]
[Result "1-0"]
[WhiteElo "2436"]
[BlackElo "2230"]

1.Nf3 Nf6 2.c4 g6 3.g3 Bg7 4.Bg2 O-O 5.d4 d6 6.Nc3 Nbd7 7.O-O e5 8.e4 c6 9.b3
Re8 10.h3 a5 11.Re1 exd4 12.Nxd4 Nc5 13.Bf4 Nh5 14.Be3 Qe7 15.Qd2 Nf6 16.Rad1
Qf8 17.f3 Nfd7 18.f4 Nf6 19.Bf2 Bd7 20.Qc2 Rad8 21.Kh2 Bc8 22.Nf3 Nfd7 23.Bd4
h5 24.Bxg7 Kxg7 25.Qd2 Nf6 26.Qd4 Qe7 27.Ng5 Ne6 28.Nxe6+ fxe6 29.e5 dxe5
30.Qxe5 h4 31.g4 Kf7 32.Qxa5 Rd6 33.Qg5 e5 34.Rxe5 Nxg4+ 35.hxg4 Qxg5 36.fxg5
Rxd1 37.Rxe8 Rc1 38.Rxc8 Rxc3 39.Rc7+ Ke6 40.Rxb7 Ke5 41.Rf7 Rc2 42.a4 {#r}
1-0

[Event "It (open)"]
[Site "masterchessopen.com Linares (Spain)"]
[Round "5"]
[White "Sorokin Maxim (RUS)"]
[Black "Sasikiran Krishnan (IND)"]
[Result "1-0"]
[WhiteElo "2574"]
[BlackElo "2536"]

1.Nf3 Nf6 2.c4 g6 3.g3 Bg7 4.Bg2 O-O 5.Nc3 d6 6.d4 Nbd7 7.O-O e5 8.e4 c6 9.b3
exd4 10.Nxd4 Re8 11.h3 Nc5 12.Re1 a5 13.Bf4 h6 14.Qc2 Nfd7 15.Rad1 Ne5 16.Be3
Qe7 17.f4 Ned7 18.Bf2 h5 19.Nf3 Ne6 20.Qd2 Ndc5 21.f5 Nf8 22.Bd4 Bd7 23.g4
hxg4 24.hxg4 Be5 25.Nxe5 dxe5 26.f6 Qxf6 27.Bxc5 Bxg4 28.Rf1 Qh4 29.Rde1 Ne6
30.Qf2 Qxf2+ 31.Bxf2 Rad8 32.Bb6 Rd2 33.Rf2 Rd3 34.Re3 Rxe3 35.Bxe3 Rd8 36.Rd2
Nd4 37.Na4 Kg7 38.Kf2 Kf6 39.c5 Ke7 40.Nb6 Be6 41.Rd3 f5 {#r} 1-0

[Event "Ch Russia (1/2 final)"]
[Site "masterchessopen.com Novosibirsk (Russia)"]
[Round "6"]
[White "Lopushnoy Denis (RUS)"]
[Black "Siuniakov Igor (RUS)"]
[Result "0-1"]
[WhiteElo "2365"]
[BlackElo "2355"]

1.Nf3 Nf6 2.g3 g6 3.Bg2 Bg7 4.O-O O-O 5.c4 d6 6.Nc3 Nbd7 7.d4 e5 8.e4 c6 9.Be3
Re8 10.h3 exd4 11.Nxd4 a5 12.Qc2 a4 13.Nxa4 Nxe4 14.Bxe4 Rxa4 15.Bxc6 Rxc4
16.Qxc4 Ne5 17.Qc2 bxc6 18.Nxc6 Nf3+ 19.Kg2 Qf6 20.Qa4 Bd7 21.Rac1 Ne5 22.Bf4
Nxc6 23.Rxc6 Qf5 24.Qc4 Re4 25.Qc2 Rxf4 26.Qxf5 Bxc6+ 27.Kg1 Rxf5 28.g4 Ra5
29.Rc1 Bd5 {#R} 0-1

[Event "It (open)"]
[Site "masterchessopen.com Recklinghausen (Germany)"]
[Round "2"]
[White "Bagaturov Giorgi (GEO)"]
[Black "Koehler Markus (GER)"]
[Result "1-0"]
[WhiteElo "2532"]
[BlackElo "2181"]

1.d4 Nf6 2.c4 g6 3.Nf3 Bg7 4.g3 O-O 5.Bg2 d6 6.Nc3 Nbd7 7.O-O e5 8.e4 c6 9.b3
Re8 10.h3 exd4 11.Nxd4 Nc5 12.Re1 a5 13.Rb1 Be6 14.Be3 Bc8 15.Qc2 Qe7 16.Rbd1
Rd8 17.f4 Ne8 18.Bf2 Bd7 19.a3 Rdb8 20.Kh2 Ne6 21.Nf3 N6c7 22.Na4 b5 23.Nb6
bxc4 24.bxc4 Ra6 25.c5 Qd8 26.cxd6 Nb5 27.Nc4 a4 28.e5 Bf5 29.Qc1 Be6 30.Ng5
Bd7 31.Ne4 Bf8 32.Nc5 Raa8 33.Nxd7 Qxd7 {#r} 1-0

[Event "Memorial J.Barros"]
[Site "masterchessopen.com Rio de Janeiro (Brazil)"]
[Round "5"]
[White "De Araujo Abriel B Pereira (BRA)"]
[Black "Lima Luiz Alexandre S (BRA)"]
[Result "1-0"]
[WhiteElo "2072"]
[BlackElo "2077"]

1.d4 Nf6 2.c4 g6 3.Nf3 Bg7 4.Nc3 d6 5.g3 O-O 6.Bg2 Nbd7 7.O-O e5 8.e4 c6
9.dxe5 dxe5 10.b3 Qc7 11.Ba3 Re8 12.Bd6 Qd8 13.Qc2 Nh5 14.Rad1 Qf6 15.Na4 Nb6
16.c5 Nxa4 17.bxa4 Bg4 18.Rd3 Bh6 19.h3 Bxf3 20.Bxf3 Ng7 21.Qc3 Qe6 22.a3 f5
23.Qb3 Rad8 24.Qxb7 fxe4 25.Bxe4 Rc8 26.Bxc6 Rxc6 27.Qxc6 Qxh3 28.Qd5+ Qe6
29.Bxe5 Nf5 30.Qxe6+ Rxe6 31.Rd8+ Kf7 32.Bd6 a6 33.Rd7+ Kf6 34.g4 Nd4 35.f4
Ne2+ 36.Kh2 g5 37.Be5+ Rxe5 38.fxe5+ {#r} 1-0

[Event "It (open)"]
[Site "masterchessopen.com St. Lo (France)"]
[Round "7"]
[White "Lesbros Bernard (FRA)"]
[Black "Popescu Daniel Dorin (ROM)"]
[Result "0-1"]
[WhiteElo "2006"]
[BlackElo "2355"]

1.Nf3 g6 2.c4 Bg7 3.Nc3 Nf6 4.g3 O-O 5.Bg2 d6 6.d4 Nbd7 7.O-O e5 8.e4 c6 9.b3
Re8 10.Re1 exd4 11.Nxd4 Nc5 12.Bb2 a5 13.Qc2 h5 14.Rad1 Qc7 15.Rd2 h4 16.Red1
h3 17.Bh1 Ng4 18.Nf3 Ne5 19.Nxe5 dxe5 20.Ba3 Bf8 21.Bf3 Ne6 22.Bxf8 Rxf8
23.Ne2 Ng5 24.Qc3 Qe7 25.Bh1 Bg4 26.Qe3 Bxe2 27.Rxe2 Rfd8 28.Red2 Rxd2 29.Qxd2
Ne6 30.Qh6 Rd8 31.Rxd8+ Qxd8 32.Qxh3 Qd2 33.Bf3 Qxa2 34.Bd1 Qb1 35.Qg4 Nc5
{#R} 0-1

[Event "Memorial M.Chigorin (open)"]
[Site "masterchessopen.com St. Petersburg (Russia)"]
[Round "6"]
[White "Sorokin Maxim (RUS)"]
[Black "Kovalevskaya Ekaterina (RUS)"]
[Result "1-0"]
[WhiteElo "2574"]
[BlackElo "2497"]

1.c4 Nf6 2.Nf3 g6 3.Nc3 Bg7 4.d4 O-O 5.g3 d6 6.Bg2 Nbd7 7.O-O e5 8.e4 exd4
9.Nxd4 Re8 10.h3 Nc5 11.Re1 a5 12.Ndb5 Nfd7 13.Be3 Ne5 14.Bf1 Be6 15.b3 a4
16.Rc1 axb3 17.axb3 Qc8 18.Nd5 Na6 19.Kh2 Qd8 20.Bg2 Bxd5 21.cxd5 Nb4 22.Nxc7
Ned3 23.Nxe8 Qxe8 24.Rc7 Qb8 25.Rc4 Nxe1 26.Qxe1 Nd3 27.Qe2 Ne5 28.Rb4 Qc7
29.Qb5 Rb8 30.Qb6 Qd7 31.f4 Nd3 32.Qb5 Qxb5 33.Rxb5 Rc8 34.Rxb7 h5 35.e5 dxe5
36.d6 Bf6 37.d7 Rc2 38.Rb8+ Kh7 39.d8=Q Bxd8 40.Rxd8 e4 41.Bd4 g5 42.f5 {#r}
1-0

[Event "Ch Poland (team) (juniors) (under 20)"]
[Site "masterchessopen.com Straszetin (Poland)"]
[Round "0"]
[White "Pakula Tomasz (POL)"]
[Black "Tekielak Sebastian (POL)"]
[Result "1-0"]
[WhiteElo "2044"]
[BlackElo "2172"]

1.d4 Nf6 2.g3 g6 3.Bg2 Bg7 4.Nf3 O-O 5.O-O d6 6.c4 Nbd7 7.Nc3 e5 8.e4 c6
9.dxe5 dxe5 10.Qe2 b6 11.Rd1 Qe7 12.Ne1 Ba6 13.Nc2 Rad8 14.Be3 Rfe8 15.b4 Nf8
16.a4 Ne6 17.b5 Bb7 18.bxc6 Bxc6 19.Nd5 Bxd5 20.cxd5 Nc5 21.Bg5 Qd6 22.Bxf6
Bxf6 23.Rdb1 Rb8 24.Nb4 Rec8 25.Nc6 Rxc6 26.dxc6 Qxc6 27.Qb5 Qc8 28.Rd1 Qe6
29.Rd5 a6 30.Qb4 Be7 31.Qb2 f6 32.Rc1 Rc8 33.Qa2 Kg7 34.Rc2 a5 35.Qc4 Qc6
36.f4 Bd6 37.Rcd2 Bb8 38.Bh3 Nxa4 39.Rd7+ Kh6 40.Qf7 Qc1+ 41.Kg2 {#r} 1-0

[Event "Tournament (Elo)"]
[Site "masterchessopen.com Budapest (Hungary)"]
[Round "0"]
[White "Hohl Matthias (HUN)"]
[Black "Berczes Csaba (HUN)"]
[Result "0-1"]
[WhiteElo "2066"]
[BlackElo "2115"]

1.Nf3 Nf6 2.c4 g6 3.Nc3 Bg7 4.d4 O-O 5.g3 d6 6.Bg2 Nbd7 7.O-O e5 8.e4 c6 9.b3
Re8 10.Bb2 a6 11.Re1 b5 12.dxe5 dxe5 13.cxb5 cxb5 14.Qd6 Bb7 15.Rad1 Rc8
16.Bh3 Rc6 17.Qd2 Rc7 18.Nd5 Nxd5 19.exd5 Rc5 20.Bxd7 Qxd7 21.Nxe5 Bxe5
22.Rxe5 Rxe5 23.Bxe5 Rxd5 24.Bd4 Qc6 25.f3 Rd6 26.Re1 Qd7 27.Qc3 Rxd4 28.h4
Rd1 29.Kf2 Qd2+ {#R} 0-1